| 000 | 00412nam a22001697a 4500 | ||
|---|---|---|---|
| 005 | 20180717162813.0 | ||
| 008 | 160629b xxu||||| |||| 00| 0 eng d | ||
| 020 | _a978-93-5014-305-6 | ||
| 041 | _aeng | ||
| 082 | _b11983 | ||
| 100 |
_aSingh, Surjit _94325 |
||
| 245 | _aElectrical Engineering Drawing | ||
| 260 |
_bKatson _c2012 _a621.3 |
||
| 300 | _a203p, | ||
| 650 |
_aDiploma Engineering _9817 |
||
| 942 | _cBK | ||
| 999 |
_c4620 _d4618 |
||